000 00943nas a2200301 4500
001 BR2015000681
003 BR-BrBNA
005 20231205125006.0
007 ta
008 230509b bl.|||p| |||| 00| 00por d
040 _aBR-BrBNA
_bpor
_cBiblioteca Nacional de Agricultura
041 _a(En)
072 _aF30; J10
100 1 _aMaro, L.A.C.
100 1 _aPio, R.
100 1 _aGuedes, M.N.S.
100 1 _aAbreu, C.M.P. de
100 1 _aMoura, P.H.A.
245 1 _aEnvironmental and genetic variation in the post-harvest quality of raspberries in subtropical areas in Brazil
650 _aFRAMBOESA
650 _aPÓS-COLHEITA
650 _aCOMPOSTO FENÓLICO
650 _aCOMPOSIÇÃO QUÍMICA
650 _aVARIAÇÃO GENÉTICA
773 0 _tActa Scientiarum. Agronomy (Brazil)
_xISSN 1679-9275
_g(Jul-Sep 2014), v. 36(3) p. 323-328
_wBR2015000681
909 _a202311
_bLúcia
_c55
_dLúcia Elande
942 _2AGRIS
_n0
_cANA
999 _c242024
_d242024